Bruno Mars - Paroles Locked out of Heaven - Statistiques

Statistiques générales
  • Ce quiz a été pris 45 fois
  • Le résultat moyen est 225 sur 313
Statistiques - réponses
Hint Réponse % Correct
Aw,
100%
Post-refrain Aw,
100%
Aw,
100%
(Uh)
100%
woah,
100%
woah
100%
Bridge Oh,
97%
you
97%
Couplet 2 You
97%
I
94%
locked
94%
heaven
91%
make
91%
me
91%
of
88%
yeah,
88%
yeah
88%
Yeah,
88%
a
85%
feel
85%
been
82%
to
82%
the
79%
Pré-refrain | Refrain 'Cause
76%
'cause
76%
I've
76%
like
76%
your
76%
paradise
74%
sex
74%
For
68%
long
68%
too
68%
takes
65%
And
62%
my
62%
can
59%
Can
59%
it
59%
Couplet 1 Never
59%
ay
56%
stay,
56%
stay
56%
just
53%
shows
53%
days
50%
here?
50%
rest
50%
spend
50%
Spend
50%
in
47%
on
47%
light
41%
see
41%
up
41%
heart
38%
love
38%
miracles
38%
Open
38%
testify
38%
I'm
35%
or
32%
spiritual
32%
Intro 1
29%
bring
29%
But
29%
change
29%
had
29%
ight
29%
wanna
29%
ways
29%
2
26%
3
26%
can't
26%
gates
26%
his
26%
knees,
26%
much
26%
night,
26%
somethin'
26%
wait
26%
every
24%
faith
24%
is
24%
put
24%
swimmin'
24%
there
24%
time
24%
where
24%
outta
21%
line
18%
again
15%
born
15%
right
15%
sinner
15%
water's
15%
Aucun quiz correspondant
Distribution des résultats
% des personnes avec chaque résultat
Percentile par nombre de réponses
Votre historique - résultats
Vous n’avez pas pris ce quiz